000 00649nam a2200181 4500
001 139793
003 ES-MaACL
005 20230906195916.0
007 t|
008 070214s1948 sp r ||||1| spa d
100 1 _aSchindler, Robert.
_9104376
245 1 0 _aTratado moderno de construcción de edificios /
_cpor el Ing. Robert Schindler ; versión del alemán y adiciones por el Dr. Buenaventura Bassegoda.
250 _aReimp. de la 1ª ed. española.
260 _aBarcelona :
_bJosé Montesó,
_c1948.
300 _aXVI, 754 :
_bil. ;
_c23 cm.
700 1 _aBassegoda Musté, B. (
_d1896-1987)
_926310
852 _aES-MaACL
_jD-5923
_bR.30620
999 _c139793
_d139793